[Event "Titled Tue 1st Jul Late"]
[Site "chess.com INT"]
[Date "2025.07.01"]
[Round "11"]
[White "Fomevor, Cephas Clinton"]
[Black "Shapiro, Daniel"]
[Result "0-1"]
[WhiteTitle "CM"]
[BlackTitle "FM"]
[WhiteElo "1883"]
[BlackElo "2284"]
[WhiteFideId "12601330"]
[BlackFideId "2001780"]
[EventDate "2025.07.01"]

1. d4 Nf6 2. c4 e6 3. Nf3 d5 4. cxd5 Nxd5 5. Nc3 Nxc3 6. bxc3 Be7 7. Bf4 O-O 8.
e3 b6 9. Be2 Bb7 10. O-O Nd7 11. a4 a6 12. a5 b5 13. c4 c6 14. c5 Qe8 15. Qc2 f6
16. Bd3 Qh5 17. Rfe1 e5 18. Bg3 Rae8 19. Bf5 Bc8 20. h3 Bd8 21. Qb3+ Qf7 22.
Qxf7+ Kxf7 23. Bxd7 Bxd7 24. dxe5 Be6 25. exf6 gxf6 26. Bd6 Rg8 27. Kh1 Bd5 28.
Bg3 Re4 29. Nd4 Be7 30. Nf5 Bf8 31. f3 Rc4 32. e4 Be6 33. Nd6+ Bxd6 34. Bxd6 Rc2
35. Rg1 Rg6 36. Rac1 Ra2 37. Ra1 Rgxg2 38. Rxa2 Rxa2 39. Rg3 Rxa5 40. h4 b4 41.
h5 h6 42. e5 b3 43. exf6 b2 0-1

[Event "Titled Tue 1st Jul Late"]
[Site "chess.com INT"]
[Date "2025.07.01"]
[Round "11"]
[White "Noroozi, Omid"]
[Black "Marcziter, Dmitrii"]
[Result "1-0"]
[WhiteTitle "IM"]
[BlackTitle "FM"]
[WhiteElo "2266"]
[BlackElo "2208"]
[WhiteFideId "12501190"]
[BlackFideId "13900765"]
[EventDate "2025.07.01"]

1. c4 e5 2. Nc3 d6 3. Nf3 f5 4. g3 Nf6 5. Bg2 Be7 6. O-O O-O 7. d4 Nbd7 8. Ng5
Nb6 9. c5 exd4 10. Qb3+ d5 11. cxb6 dxc3 12. bxc7 Qd6 13. Bf4 Qd7 14. Rad1 h6
15. Bxd5+ Kh8 16. Nf7+ Kh7 17. bxc3 Nxd5 18. Rxd5 Qe6 19. Nd8 Qg6 20. Rfd1 a5
21. Qb5 Ra6 22. Rd7 Bf6 23. Nxb7 Bxc3 24. Nd6 Bxd7 25. Qxa6 Qe6 26. Qc4 Bb4 27.
Qxe6 Bxe6 28. Nb5 Rc8 29. Na7 Ra8 30. Nb5 Rc8 31. Rd8 Be7 32. Rxc8 Bxc8 33. Na7
Bb7 34. c8=Q Bxc8 35. Nxc8 Bb4 36. Bd6 Bc3 37. e3 g5 38. Kf1 Kg6 39. Ke2 Kf7 40.
Kd3 Ke6 41. Kxc3 Kd7 42. Bf8 Kxc8 43. Bxh6 g4 44. Bf4 Kd7 45. Kd4 Kc6 46. Ke5
Kb5 47. Kxf5 Ka4 48. Kxg4 Ka3 49. h4 Kxa2 50. h5 a4 51. h6 a3 52. h7 Kb1 53.
h8=Q a2 54. Qb8+ Ka1 55. Be5# 1-0

[Event "Titled Tue 1st Jul Late"]
[Site "chess.com INT"]
[Date "2025.07.01"]
[Round "11"]
[White "Sinkar, Anagha Aniket"]
[Black "Yazici, Ugur Doga"]
[Result "0-1"]
[WhiteTitle "WCM"]
[BlackTitle "CM"]
[WhiteElo "1776"]
[BlackElo "2161"]
[WhiteFideId "30974780"]
[BlackFideId "6363342"]
[EventDate "2025.07.01"]

1. e4 e5 2. Nf3 Nc6 3. Nc3 Nf6 4. g3 d5 5. exd5 Nxd5 6. Bg2 Nxc3 7. bxc3 Bc5 8.
O-O O-O 9. Bb2 e4 10. Ne1 Re8 11. d3 e3 12. fxe3 Bxe3+ 13. Kh1 Ne5 14. h3 Qg5
15. d4 Nc4 16. Qf3 Be6 17. d5 Nd2 18. Qe2 Bxd5 19. Nf3 Bxf3 20. Rxf3 Nxf3 21.
Qxf3 c6 22. Rf1 Re7 23. Ba3 Bc5 24. h4 Qe5 25. Bb2 Qe3 26. Qg4 Rd8 27. c4 Bd4
28. Rd1 c5 29. c3 Qe2 30. Qxe2 Rxe2 31. Ba3 Bf6 32. Rxd8+ Bxd8 33. Bxc5 Rxa2 34.
Bxb7 Bb6 35. Bb4 a5 36. Bd6 a4 37. c5 Ba5 38. c6 Rb2 39. Ba6 a3 40. Bxa3 Rb3 41.
Bb4 Bb6 42. Kg2 f5 43. Kf3 Rb1 44. Kf4 g6 45. Ke5 Kf7 46. Kd6 Rd1+ 47. Ke5 Re1+
48. Kd6 Rd1+ 49. Ke5 Bc7+ 0-1

[Event "Titled Tue 1st Jul Late"]
[Site "chess.com INT"]
[Date "2025.07.01"]
[Round "11"]
[White "Shendrik, Zhanna"]
[Black "Ciocan, Maria-Alexandra"]
[Result "0-1"]
[WhiteTitle "WCM"]
[WhiteElo "1990"]
[BlackElo "1998"]
[WhiteFideId "24106160"]
[BlackFideId "1227130"]
[EventDate "2025.07.01"]

1. d4 Nf6 2. c4 g6 3. Nf3 Bg7 4. Bf4 d6 5. h3 b6 6. e3 Bb7 7. Be2 Nbd7 8. O-O
O-O 9. Nc3 Nh5 10. Bh2 e5 11. Rc1 exd4 12. Nxd4 Nhf6 13. Bf3 Bxf3 14. Qxf3 Ne5
15. Qe2 Re8 16. Rfd1 Qd7 17. b4 Nc6 18. Nxc6 Qxc6 19. Nd5 Ne4 20. Qd3 Qd7 21.
Bf4 f5 22. Qc2 g5 23. Bh2 Qf7 24. f3 Nf6 25. Qxf5 Nxd5 26. Qxd5 Qxd5 27. Rxd5
Rxe3 28. Rxg5 Re2 29. c5 Kf7 30. Kh1 Bh6 31. cxd6 Bxg5 32. Rxc7+ Ke6 33. Bg3 Rd2
34. Rxh7 Bf6 35. Rh6 Kf7 36. Rh7+ Kg6 37. Rc7 Rd8 38. Rxa7 Rd1+ 39. Kh2 Kf5 40.
Rb7 Be5 41. Bxe5 Kxe5 42. Rxb6 R1xd6 43. Rb5+ Kf6 44. a4 Ra8 45. a5 Rd2 46. Rb6+
Ke5 47. a6 Rg8 48. Rb5+ Kf4 49. a7 Rdxg2+ 50. Kh1 Rg1+ 51. Kh2 R8g2# 0-1

[Event "Titled Tue 1st Jul Late"]
[Site "chess.com INT"]
[Date "2025.07.01"]
[Round "11"]
[White "Zierk, Steven"]
[Black "Terkiewicz, Bruno"]
[Result "1-0"]
[WhiteTitle "GM"]
[BlackTitle "CM"]
[WhiteElo "2489"]
[BlackElo "2183"]
[WhiteFideId "2034255"]
[BlackFideId "21093245"]
[EventDate "2025.07.01"]

1. e4 c5 2. Nf3 d6 3. d4 cxd4 4. Nxd4 Nf6 5. Nc3 a6 6. Bg5 Nbd7 7. Qe2 h6 8. Bh4
g6 9. f4 e5 10. fxe5 dxe5 11. Nf3 Qb6 12. O-O-O Be7 13. Nd2 Qc7 14. Nc4 b5 15.
Ne3 Bb7 16. Bxf6 Nxf6 17. Ncd5 Nxd5 18. Nxd5 Bxd5 19. Rxd5 O-O 20. g3 Rad8 21.
Bg2 Rxd5 22. exd5 f5 23. g4 e4 24. gxf5 gxf5 25. Kb1 Qe5 26. Rg1 Kh7 27. Bh3 f4
28. Qg4 Qg5 29. Qd1 Qe5 30. Qg4 Qg5 31. Qd1 Qe5 32. d6 Bf6 33. c3 f3 34. d7 b4
35. Qb3 bxc3 36. Qb7 c2+ 37. Kxc2 Qc5+ 38. Kb3 Qe3+ 39. Ka4 Qd4+ 40. b4 Be7 41.
d8=Q Qxd8 42. Qxe4+ Kh8 43. Rg6 Qe8+ 44. Kb3 Qf7+ 45. Be6 Qf4 46. Rg8+ Rxg8 47.
Qxf4 Rf8 48. Qxh6# 1-0

[Event "Titled Tue 1st Jul Late"]
[Site "chess.com INT"]
[Date "2025.07.01"]
[Round "11"]
[White "Hua, Lefong"]
[Black "Shandrygin, Nikita"]
[Result "0-1"]
[WhiteTitle "FM"]
[BlackTitle "FM"]
[WhiteElo "2305"]
[BlackElo "2209"]
[WhiteFideId "2602253"]
[BlackFideId "24198668"]
[EventDate "2025.07.01"]

1. d4 d5 2. c4 Nc6 3. cxd5 Qxd5 4. e3 e5 5. Nc3 Bb4 6. Bd2 Bxc3 7. Bxc3 exd4 8.
Ne2 Nf6 9. Nxd4 O-O 10. Nxc6 Qxc6 11. Qf3 Ne4 12. Bd3 Re8 13. O-O Qg6 14. Bxe4
Rxe4 15. h3 Bd7 16. Rad1 Bc6 17. Qg3 Qxg3 18. fxg3 Rxe3 19. Kf2 Re6 20. Rfe1 h6
21. Rxe6 fxe6 22. Be5 Rc8 23. g4 Bd5 24. a3 c5 25. Ke3 b5 26. Rd2 a5 27. h4 b4
28. axb4 axb4 29. g5 hxg5 30. hxg5 Kf7 31. Bd6 Kg6 32. Rc2 b3 33. Rxc5 Rh8 34.
g3 Kxg5 35. Be5 Rg8 36. Rc7 g6 37. Bc3 Kg4 38. Be5 g5 39. Kf2 Rf8+ 40. Ke3 Rf5
41. Kd4 Rf3 42. Rg7 Rf2 43. Kc5 Rf5 44. Kd6 Kf3 45. Rg8 Kg4 46. Rg7 Kf3 47. Rg8
g4 48. Rg7 Rh5 49. Rf7+ Kg2 50. Rg7 Kh3 51. Rc7 Rf5 52. Rh7+ Kg2 53. Rg7 Rxe5
54. Kxe5 Kxg3 55. Kd4 Kf3 56. Rf7+ Kg2 57. Ke3 g3 58. Ke2 e5 59. Rg7 Bf3+ 60.
Ke3 e4 61. Rg6 Kh2 62. Rh6+ Kg1 63. Rg6 g2 64. Rc6 Kh2 65. Rh6+ Kg3 66. Rg6+ Bg4
67. Rxg4+ Kxg4 68. Kf2 Kf4 69. Kxg2 Ke3 0-1

[Event "Titled Tue 1st Jul Late"]
[Site "chess.com INT"]
[Date "2025.07.01"]
[Round "11"]
[White "Santos, Antonio P"]
[Black "Li, Yilin"]
[Result "1-0"]
[WhiteTitle "FM"]
[BlackTitle "WFM"]
[WhiteElo "2165"]
[BlackElo "1922"]
[WhiteFideId "1900161"]
[BlackFideId "8610410"]
[EventDate "2025.07.01"]

1. d4 d5 2. c4 c6 3. Nf3 Nf6 4. Nc3 e6 5. Bg5 Be7 6. e3 O-O 7. Qc2 h6 8. Bh4 Re8
9. Be2 dxc4 10. Bxc4 b5 11. Bd3 a6 12. O-O Nd5 13. Bxe7 Qxe7 14. Ne4 Nb4 15. Qd2
Nxd3 16. Qxd3 Nd7 17. Rfc1 Bb7 18. Nc5 Bc8 19. b3 e5 20. Nxd7 e4 21. Qc2 exf3
22. Ne5 fxg2 23. Qxc6 Bb7 24. Qc7 Rac8 25. Qxe7 Rxc1+ 26. Rxc1 Rxe7 27. Rc5 f6
28. Ng6 Rd7 29. Nf4 Kf7 30. Nxg2 g5 31. Ne1 Ke6 32. f3 f5 33. Nd3 f4 34. exf4
Rxd4 35. f5+ Kf6 36. Ne5 Rd1+ 37. Kf2 Rd2+ 38. Ke3 Rxa2 39. Nd7+ Ke7 40. Rc7 Bd5
41. Nb6+ Kd6 42. Nxd5 Kxd5 43. f6 Ke6 44. f7 Ra3 45. f8=Q Rxb3+ 46. Kf2 Rb2+ 47.
Kg3 Rd2 48. Qe7+ Kd5 49. Qd7+ Ke5 50. Qxd2 Kf6 51. Qd6+ Kf5 52. Rf7# 1-0

[Event "Titled Tue 1st Jul Late"]
[Site "chess.com INT"]
[Date "2025.07.01"]
[Round "11"]
[White "Ahmad, Al Khatib"]
[Black "Arakelyan, Manvel"]
[Result "0-1"]
[WhiteTitle "GM"]
[BlackTitle "FM"]
[WhiteElo "2172"]
[BlackElo "2326"]
[WhiteFideId "8103178"]
[BlackFideId "13317415"]
[EventDate "2025.07.01"]

1. d4 e6 2. Nc3 d5 3. Bf4 Nf6 4. Nb5 Na6 5. e3 Be7 6. Nf3 O-O 7. h4 c6 8. Nc3 c5
9. Ne5 Nc7 10. h5 h6 11. Qf3 cxd4 12. exd4 Bb4 13. Bd3 Ne4 14. Bxe4 dxe4 15.
Qxe4 Nb5 16. Bd2 Qxd4 17. Qxd4 Nxd4 18. O-O-O f6 19. Ng6 Rd8 20. Be3 e5 21. Bxd4
exd4 22. Nb5 Bc5 23. Rh4 d3 24. Rf4 Bd7 25. Nc7 Rac8 26. Nd5 dxc2 27. Rd2 Kh7
28. Rxc2 Be8 29. b4 Bd6 30. Rg4 Bd7 31. Rgc4 Rxc4 32. Rxc4 Be6 33. Rd4 Bf7 34.
f3 Bxg6 35. hxg6+ Kxg6 36. Kd1 Kf7 37. a3 Be5 38. Rd3 Rc8 39. Ne3 Ke6 40. Ke2 b5
41. g4 g6 42. Nc2 Rxc2+ 43. Rd2 Rxd2+ 44. Kxd2 Bb2 45. Kd3 Bxa3 46. Kc3 Bc1 47.
Kc2 Bf4 48. Kd3 h5 49. Ke4 Bd6 50. gxh5 gxh5 51. f4 f5+ 52. Kf3 Bxb4 53. Kg3 a5
54. Kh4 Be7+ 55. Kh3 a4 56. Kg2 a3 57. Kf2 a2 58. Kg2 b4 59. Kh3 b3 60. Kg2 b2
61. Kh3 b1=Q 62. Kg2 a1=Q 63. Kh3 Qh1+ 64. Kg3 Qag1# 0-1

[Event "Titled Tue 1st Jul Late"]
[Site "chess.com INT"]
[Date "2025.07.01"]
[Round "11"]
[White "Abdulkadir Mohamed Warsame"]
[Black "Zapata Romero, Italo German"]
[Result "1/2-1/2"]
[BlackTitle "CM"]
[WhiteElo "2001"]
[BlackElo "2041"]
[WhiteFideId "16100913"]
[BlackFideId "3842517"]
[EventDate "2025.07.01"]

1. c4 e6 2. Nc3 b6 3. e4 c5 4. Nf3 Bb7 5. Be2 d6 6. O-O Nd7 7. d4 cxd4 8. Nxd4
a6 9. Be3 Ngf6 10. f3 Be7 11. Qd2 Qc7 12. Rac1 O-O 13. Rfd1 Rac8 14. b4 d5 15.
cxd5 Bxb4 16. dxe6 Bxc3 17. Qd3 Ne5 18. exf7+ Qxf7 19. Qb1 Bxd4 20. Bxd4 Rxc1
21. Rxc1 Ned7 22. Bc4 Nd5 23. exd5 Bxd5 24. Bxd5 Qxd5 25. Bf2 b5 26. Rd1 Qe6 27.
Qb3 Qxb3 28. axb3 Nf6 29. Rd6 a5 30. Ra6 Rc8 31. h4 Rc3 32. Rxa5 Rxb3 33. Ra7 h6
34. Bd4 Rb1+ 35. Kh2 b4 36. Rb7 b3 37. Bxf6 gxf6 38. h5 Kf8 39. Kg3 Kg8 40. Kg4
Rg1 41. Rxb3 Rxg2+ 42. Kf5 Rg5+ 43. Kxf6 Rxh5 44. Rb8+ Kh7 45. Rb7+ Kg8 46. Kg6
Rg5+ 47. Kxh6 Rf5 48. Kg6 Rxf3 49. Rb8+ Rf8 50. Rxf8+ Kxf8 1/2-1/2

[Event "Titled Tue 1st Jul Late"]
[Site "chess.com INT"]
[Date "2025.07.01"]
[Round "11"]
[White "Szpar, Milosz"]
[Black "Baturin-Vinogradov, Miroslav"]
[Result "1-0"]
[WhiteTitle "IM"]
[BlackTitle "CM"]
[WhiteElo "2495"]
[BlackElo "2046"]
[WhiteFideId "1184989"]
[BlackFideId "55745741"]
[EventDate "2025.07.01"]

1. e4 c5 2. Nf3 e6 3. c3 d5 4. exd5 Qxd5 5. d4 Nf6 6. Na3 Nc6 7. Be3 cxd4 8. Nb5
Qd8 9. Nbxd4 Bd7 10. Bd3 Be7 11. Qc2 Nd5 12. Bd2 Rc8 13. Nxc6 Bxc6 14. O-O Nb4
15. cxb4 Bxf3 16. Bc3 Bd5 17. Rad1 Bf6 18. Be4 Bxc3 19. bxc3 O-O 20. Bxh7+ Kh8
21. Be4 Bxe4 22. Qxe4 Qf6 23. c4 Rc7 24. Rd3 g6 25. Rfd1 Rfc8 26. c5 b6 27. cxb6
axb6 28. g3 Kg7 29. a3 Rc2 30. Rf3 Qe7 31. Qe5+ Kg8 32. Rd4 R2c4 33. Rff4 Rxd4
34. Rxd4 Qb7 35. Qe3 Qc6 36. Rd3 Qc1+ 37. Kg2 Qxe3 38. Rxe3 b5 39. Kf3 Rc2 40.
Re5 Rc3+ 41. Ke4 Rxa3 42. Rxb5 Ra2 43. Ke3 Kg7 44. Rg5 Kf6 45. h4 Ra3+ 46. Kd4
Rf3 47. Rg4 e5+ 48. Kc5 Rxf2 49. b5 Ke6 50. b6 Kd7 51. Rb4 Kc8 52. Kd5 Rf5 53.
g4 e4+ 54. Kxe4 Ra5 55. Rc4+ Kb7 56. Rc7+ Kxb6 57. Rxf7 Ra4+ 58. Kf3 Kc5 59. Rf6
Kd5 60. Rxg6 Ke5 61. h5 Ra3+ 62. Kg2 Kf4 63. h6 Rg3+ 64. Kh2 Ra3 65. h7 Ra2+ 66.
Kg1 Kg3 67. Kf1 Rh2 68. Rg7 Kf3 69. Ke1 Ke3 70. Kd1 Kd3 71. Kc1 Kc3 72. Kb1 Kb3
73. Rb7+ Kc4 74. g5 1-0

[Event "Titled Tue 1st Jul Late"]
[Site "chess.com INT"]
[Date "2025.07.01"]
[Round "11"]
[White "Munoz, Miguel"]
[Black "Mardov, Dimitar"]
[Result "1-0"]
[WhiteTitle "GM"]
[BlackTitle "IM"]
[WhiteElo "2321"]
[BlackElo "2506"]
[WhiteFideId "3800229"]
[BlackFideId "30919495"]
[EventDate "2025.07.01"]

1. e4 e5 2. d4 exd4 3. Qxd4 Nc6 4. Qe3 Nf6 5. Bd2 b6 6. Nc3 Bc5 7. Qg3 O-O 8.
O-O-O Re8 9. f3 Bd6 10. Qh4 Be7 11. Qg3 d6 12. h4 Be6 13. Nge2 b5 14. Nxb5 Rb8
15. Nf4 Qd7 16. Bc3 a6 17. Na3 Qc8 18. Bc4 Kh8 19. h5 h6 20. Bxe6 fxe6 21. Ng6+
Kh7 22. Nxe7 Nxe7 23. Nc4 Rf8 24. e5 Nfd5 25. Bd4 Nf5 26. Qg6+ Kg8 27. exd6 Nf4
28. Qg4 Ne2+ 29. Kb1 Nexd4 30. Rxd4 Nxd4 31. Qxd4 cxd6 32. Nxd6 Qc6 33. c4 a5
34. Re1 Qd7 35. Qe5 Rfd8 36. Qxe6+ Qxe6 37. Rxe6 Rb6 38. c5 Rc6 39. Re5 Rb8 40.
Kc2 Rb4 41. Kc3 g6 42. hxg6 Kg7 43. a3 Rb8 44. b4 axb4+ 45. axb4 Kxg6 46. b5 Rc7
47. Kc4 Ra8 48. b6 Rg7 49. Kd5 Ra2 50. b7 Rb2 51. c6 Rc7 52. Re6+ Kg5 53. Ne4+
Kf4 54. Nc5 Rd2+ 55. Kc4 Rc2+ 56. Kd4 Rd2+ 57. Kc3 Rd5 58. Kc4 Rd8 59. Kb5 Rd1
60. Kb6 Rf7 61. c7 Rb1+ 62. Kc6 Rf8 63. c8=Q Rxc8+ 64. bxc8=Q Kg3 65. Rg6+ Kf2
66. Qe6 Kg1 67. f4 Rf1 68. Qe3+ Rf2 69. Ne4 h5 70. Qxf2+ Kh1 71. g4 h4 72. Rh6
h3 73. Ng3# 1-0

[Event "Titled Tue 1st Jul Late"]
[Site "chess.com INT"]
[Date "2025.07.01"]
[Round "11"]
[White "Goryachkina, Aleksandra"]
[Black "Aakash, G"]
[Result "0-1"]
[WhiteTitle "GM"]
[BlackTitle "FM"]
[WhiteElo "2533"]
[BlackElo "2123"]
[WhiteFideId "4147103"]
[BlackFideId "25644394"]
[EventDate "2025.07.01"]

1. e4 e6 2. d4 d5 3. Nd2 c5 4. Ngf3 Nc6 5. exd5 Qxd5 6. Bc4 Qd8 7. dxc5 Bxc5 8.
O-O Nf6 9. Qe2 O-O 10. Ne4 Nxe4 11. Qxe4 Qe7 12. Ng5 g6 13. Qh4 f6 14. Ne4 Bd4
15. Re1 Qg7 16. Bh6 Qf7 17. Bxf8 Kxf8 18. c3 Be5 19. f4 Bc7 20. Qxf6 Qxf6 21.
Nxf6 Kf7 22. Ne4 Kg7 23. g3 e5 24. Bd5 exf4 25. Kg2 Ne5 26. Ng5 fxg3 27. hxg3
Bg4 28. Nf3 Bxf3+ 29. Bxf3 Rf8 30. Rf1 Nc4 31. Rae1 Bb6 32. Bxb7 Ne3+ 33. Rxe3
Bxe3 34. Rxf8 Kxf8 35. Kf3 Bb6 36. Ke4 Ke7 37. Kd5 h5 38. c4 Bc7 39. g4 hxg4 40.
c5 g3 41. Kc4 Be5 42. b4 Kd7 43. b5 Kc7 44. Bg2 Bf4 45. a4 Bd2 46. Kd5 Be1 47.
Ke6 Bf2 48. c6 Bd4 49. Kf7 g5 50. Ke6 Be3 51. Kf5 Bf4 52. Ke4 Kb6 53. Kd5 Ka5
54. Ke6 Kxa4 55. Bf1 Ka5 0-1

[Event "Titled Tue 1st Jul Late"]
[Site "chess.com INT"]
[Date "2025.07.01"]
[Round "11"]
[White "Frischmann, Rick"]
[Black "Nicot, Valentin"]
[Result "1-0"]
[WhiteTitle "FM"]
[BlackTitle "CM"]
[WhiteElo "2355"]
[BlackElo "2206"]
[WhiteFideId "24660752"]
[BlackFideId "651002477"]
[EventDate "2025.07.01"]

1. e4 g6 2. d4 Bg7 3. Nf3 d6 4. Be3 a6 5. c4 Nd7 6. Nc3 e5 7. Be2 Ngf6 8. O-O
O-O 9. d5 h6 10. Nd2 a5 11. a3 Qe7 12. b4 Ne8 13. f3 f5 14. Qc2 f4 15. Bf2 g5
16. Rfc1 Ndf6 17. c5 g4 18. Nb5 gxf3 19. gxf3 Kh8 20. Kh1 Nh5 21. cxd6 cxd6 22.
Nc7 Nxc7 23. Qxc7 Bd7 24. Nc4 Rf6 25. Nb6 Rd8 26. Qxb7 Rg6 27. Rg1 Rxg1+ 28.
Rxg1 Bf6 29. Qc7 Bh4 30. Bxh4 Qxh4 31. Qxd6 Ng3+ 32. Rxg3 fxg3 33. Qxe5+ Kh7 34.
Qxg3 Qxg3 35. hxg3 axb4 36. axb4 Be8 37. Nc4 Rb8 38. Nd6 Bd7 39. b5 Rb6 40. e5
Kg7 41. f4 Kf8 42. Kg2 Ke7 43. Kf3 Rxd6 44. exd6+ Kxd6 45. Ke4 Be8 46. Kd4 Bf7
47. Bc4 Be8 48. b6 Bd7 49. b7 Kc7 50. Ke5 Kxb7 51. Kd6 Bg4 52. Bb5 Kc8 53. Bc6
Kd8 54. Ke5 Ke7 55. f5 Kf7 56. d6 h5 57. Bd5+ Ke8 58. Be6 Kd8 59. f6 Bd1 60. f7 1-0

[Event "Titled Tue 1st Jul Late"]
[Site "chess.com INT"]
[Date "2025.07.01"]
[Round "11"]
[White "Gimeno Martos, Roberto"]
[Black "Venskaya, Nika"]
[Result "0-1"]
[WhiteTitle "CM"]
[BlackTitle "WCM"]
[WhiteElo "2090"]
[BlackElo "1926"]
[WhiteFideId "2226804"]
[BlackFideId "13523503"]
[EventDate "2025.07.01"]

1. e4 c5 2. Nc3 g6 3. g3 Bg7 4. Bg2 d6 5. d3 Nf6 6. h3 O-O 7. Be3 Nc6 8. Qd2 Bd7
9. Bh6 Rb8 10. Bxg7 Kxg7 11. f4 b5 12. Nf3 b4 13. Ne2 Qb6 14. O-O c4+ 15. Kh2
cxd3 16. cxd3 e5 17. f5 Ne8 18. Nh4 f6 19. fxg6 hxg6 20. b3 Nd4 21. Nxd4 Qxd4
22. Rac1 Bb5 23. Rfd1 a5 24. Nf3 Qb6 25. d4 Rh8 26. dxe5 fxe5 27. Ng5 Nf6 28.
Ne6+ Kf7 29. Ng5+ Ke7 30. Bf3 Rbc8 31. h4 Bd7 32. Rf1 Bb5 33. Rfd1 Bd7 34. Rf1
Rc5 35. Bg2 Rxc1 36. Rxc1 Ng4+ 37. Kh1 Nf2+ 38. Kh2 Ng4+ 39. Kh1 Rf8 40. Rf1
Rxf1+ 41. Bxf1 Qc6 42. Bg2 Qc3 43. Qe2 Qc1+ 44. Bf1 Qc3 45. Kg2 a4 46. Nh3 axb3
47. axb3 Qxb3 48. Qd2 Ne3+ 49. Kg1 Nxf1 50. Qg5+ Ke8 51. Qxg6+ Qf7 52. Qxf7+
Kxf7 53. Kxf1 Bxh3+ 54. Ke2 Bg4+ 55. Kd2 Be6 56. h5 Kg7 57. h6+ Kxh6 58. Kc2 Kg5
59. Kb2 Kg4 60. Kc2 Kxg3 61. Kb2 Kf4 62. Kc2 Kxe4 0-1

[Event "Titled Tue 1st Jul Late"]
[Site "chess.com INT"]
[Date "2025.07.01"]
[Round "11"]
[White "Klys, Kacper"]
[Black "Itkis, Boris"]
[Result "1-0"]
[WhiteTitle "CM"]
[BlackTitle "IM"]
[WhiteElo "2218"]
[BlackElo "2270"]
[WhiteFideId "21005281"]
[BlackFideId "1209167"]
[EventDate "2025.07.01"]

1. d4 Nf6 2. Nf3 d5 3. Bf4 c5 4. e3 Nc6 5. Nbd2 cxd4 6. exd4 Bg4 7. h3 Bh5 8.
Bb5 e6 9. g4 Bg6 10. Ne5 Rc8 11. c4 dxc4 12. Qa4 a6 13. Bxc6+ bxc6 14. O-O-O Nd5
15. Be3 Bd6 16. Ndxc4 O-O 17. Nxg6 fxg6 18. Nxd6 Qxd6 19. Kb1 Rb8 20. Rc1 Rf3
21. Qd1 Qb4 22. b3 Rf7 23. Qd3 a5 24. Qc4 a4 25. Qxb4 Rxb4 26. Rxc6 axb3 27. a3
Rb8 28. Kb2 Nxe3 29. fxe3 Rf2+ 30. Kb1 Kf7 31. Rhc1 Kf6 32. R6c5 b2 33. g5+ Ke7
34. Re1 Kd6 35. Rc2 Rf3 36. Rxb2 Ra8 37. Rb6+ Kd7 38. Rb7+ Kd6 39. Rxg7 Rxh3 40.
Kb2 Rh2+ 41. Kb3 Rb8+ 42. Kc3 Ra8 43. Ra1 Rh3 44. Kd3 Rb8 45. Ke4 Rh4+ 46. Kf3
Rh3+ 47. Kf4 Rb3 48. Re1 Rxa3 49. Rg8 Ke7 50. Rb8 Rh2 51. Rb7+ Kd6 52. Reb1 Kd5
53. R7b5+ Kc4 54. Re5 Rf2+ 55. Kg3 Rf5 56. Rxe6 Rxg5+ 57. Kf4 Rf5+ 58. Ke4 Rf2
59. Rc6# 1-0

[Event "Titled Tue 1st Jul Late"]
[Site "chess.com INT"]
[Date "2025.07.01"]
[Round "11"]
[White "Goncharov, Vladimir"]
[Black "Taranenko, Evgueniy"]
[Result "0-1"]
[WhiteElo "2077"]
[BlackElo "2201"]
[WhiteFideId "34162256"]
[BlackFideId "14122138"]
[EventDate "2025.07.01"]

1. d4 Nc6 2. Nf3 d6 3. e4 Nf6 4. Nc3 g6 5. Be2 Bg7 6. O-O O-O 7. h3 e5 8. d5 Ne7
9. Bg5 Ne8 10. Qd2 f5 11. Nh2 f4 12. Bg4 h6 13. Bxe7 Qxe7 14. Bxc8 Rxc8 15. Qd3
a6 16. a4 h5 17. b4 g5 18. f3 Rf6 19. a5 Rg6 20. Nd1 Nf6 21. Nf2 Qd7 22. c4 Bh6
23. Rab1 Bf8 24. Kh1 Qh7 25. Qe2 Be7 26. b5 g4 27. fxg4 hxg4 28. Nhxg4 Nh5 29.
Kh2 Ng3 30. Qf3 Nxf1+ 31. Rxf1 Kh8 32. Kg1 Rcg8 33. Nd3 Bd8 34. Rb1 Qd7 35. Kf1
R6g7 36. bxa6 bxa6 37. c5 Qa4 38. Qf2 Qxe4 39. Qe2 Qxd5 40. cxd6 cxd6 41. Rd1
Qxa5 42. Ne1 Be7 43. Nh6 Rf8 44. Qh5 Rh7 45. Qg6 Qa4 46. Rc1 Qe8 47. Qxe8 Rxe8
48. Nf5 a5 49. Ra1 Ra8 50. Nc2 a4 51. Nb4 a3 52. Nd5 Bf8 53. Ra2 Rf7 54. Nh4 Rb7
55. Nf3 Rb2 56. Nc3 Rxa2 57. Nxa2 Rb8 0-1

[Event "Titled Tue 1st Jul Late"]
[Site "chess.com INT"]
[Date "2025.07.01"]
[Round "11"]
[White "Garcia Hernandez, Rebeca"]
[Black "Alazmi, Amani"]
[Result "0-1"]
[WhiteTitle "WCM"]
[BlackTitle "WCM"]
[WhiteElo "1904"]
[BlackElo "1725"]
[WhiteFideId "5180872"]
[BlackFideId "10303553"]
[EventDate "2025.07.01"]

1. Nf3 g6 2. g3 Bg7 3. Bg2 d5 4. d4 Nd7 5. O-O Ngf6 6. Nbd2 O-O 7. b3 Re8 8. Bb2
c6 9. c4 Nb6 10. c5 Nbd7 11. Qc2 Nf8 12. e4 dxe4 13. Nxe4 Nxe4 14. Qxe4 Bf5 15.
Qe2 Ne6 16. Rfd1 h6 17. Nh4 Nxd4 18. Bxd4 Bxd4 19. Nxf5 gxf5 20. Qh5 e5 21. Qxh6
Qe7 22. Rac1 Rad8 23. b4 Rd7 24. Bh3 Red8 25. Rf1 Qe6 26. Qg5+ Qg6 27. Qxf5 Qxf5
28. Bxf5 Re7 29. Be4 f6 30. Kg2 Red7 31. g4 Bb2 32. Rc2 Ba3 33. Rb1 Rd4 34. Bf5
Bxb4 35. a3 Bxa3 36. Rxb7 a5 37. Be6+ Kh8 38. Bf5 a4 39. Rc3 Kg8 40. Rh3 Re8 41.
Bh7+ Kf8 42. Bg6 Re7 43. Rh8+ Kg7 44. Rh7+ Kxg6 45. Rhxe7 Rxg4+ 46. Kf3 Kf5 47.
Rbc7 Bxc5 48. h3 Rf4+ 49. Kg3 Bxf2+ 50. Kg2 e4 51. Rxc6 e3 52. Ree6 Kg5 53. Re7
e2 54. Rg7+ Kf5 55. Re7 e1=Q 56. Rxe1 Bxe1 57. Rc5+ Kg6 58. Ra5 Bxa5 0-1

[Event "Titled Tue 1st Jul Late"]
[Site "chess.com INT"]
[Date "2025.07.01"]
[Round "11"]
[White "Clawitter, Craig"]
[Black "Petersen, Marcel"]
[Result "1/2-1/2"]
[BlackTitle "CM"]
[WhiteElo "2050"]
[BlackElo "2236"]
[WhiteFideId "2023105"]
[BlackFideId "12935670"]
[EventDate "2025.07.01"]

1. e4 c5 2. Nf3 g6 3. d4 cxd4 4. Nxd4 Bg7 5. Nc3 Nc6 6. Be3 d6 7. Bc4 Nf6 8. f3
O-O 9. Qd2 a6 10. O-O-O Bd7 11. h4 b5 12. Bb3 h5 13. Nxc6 Bxc6 14. Bh6 a5 15. g4
a4 16. Bd5 b4 17. Bxg7 Kxg7 18. Bxc6 bxc3 19. Qxc3 Rc8 20. g5 Qc7 21. gxf6+ exf6
22. Bd5 Qxc3 23. bxc3 Rxc3 24. Rd3 Rc5 25. Ra3 Rfc8 26. Rh2 f5 27. Rxa4 f4 28.
c4 R5c7 29. Rb2 Kf6 30. Rb7 Rxb7 31. Bxb7 Rc7 32. Bd5 g5 33. hxg5+ Kxg5 34. Ra6
h4 35. Rxd6 h3 36. Rd8 Kh4 37. Rh8+ Kg3 38. e5 Re7 39. a4 Rxe5 40. a5 Re2 41.
Kb1 Re3 42. Kb2 Re2+ 43. Kb3 Re1 44. Kb4 h2 45. a6 Ra1 46. Kb5 Rb1+ 47. Kc6 Ra1
48. Kb6 Rb1+ 49. Kc7 Ra1 50. Kb7 Rb1+ 51. Ka8 h1=Q 52. Rxh1 Rxh1 53. a7 Rb1 54.
Bxf7 Kxf3 55. Bd5+ Ke3 56. c5 Kd4 57. c6 Kxd5 58. c7 Rc1 59. Kb7 Rb1+ 60. Kc8
Ra1 61. Kb7 Rb1+ 62. Kc8 Ra1 63. Kb8 Rb1+ 64. Ka8 Rc1 65. Kb7 Rb1+ 1/2-1/2